America mein sharam-vyavastha (Record no. 1347826)

MARC details
000 -LEADER
fixed length control field 00546nam a2200205Ia 4500
005 - DATE AND TIME OF LATEST TRANSACTION
control field 20250508154125.0
008 - FIXED-LENGTH DATA ELEMENTS--GENERAL INFORMATION
fixed length control field 008 250505s9999 xx 000 0 hin d
037 ## - SOURCE OF ACQUISITION
Stock number Textual
040 ## - CATALOGING SOURCE
Original cataloging agency FEDL
Language of cataloging eng
Transcribing agency FEDL
041 ## - LANGUAGE CODE
Language code of text/sound track or separate title hin
Source of code hin
084 ## - COLON CLASSIFICATION NUMBER
Classification number 331, MYE
Assigning agency FEDL
100 ## - MAIN ENTRY--PERSONAL NAME
Personal name Myers James
245 #0 - TITLE STATEMENT
Title America mein sharam-vyavastha
260 ## - PUBLICATION, DISTRIBUTION, ETC.
Place of publication, distribution, etc. Allahabad, India
Name of publisher, distributor, etc. Jay Bharti
Date of publication, distribution, etc. 1956
300 ## - PHYSICAL DESCRIPTION
Extent 232p.
650 ## - SUBJECT ADDED ENTRY--TOPICAL TERM
Topical term or geographic name entry element Economics
700 ## - ADDED ENTRY--PERSONAL NAME
Personal name Laidler Harry W.
9 (RLIN) 765094
942 ## - ADDED ENTRY ELEMENTS (KOHA)
Koha item type Textual
Classification part 331, MYE
Holdings
Withdrawn status Lost status Damaged status Not for loan Home library Current library Date acquired Total Checkouts Full call number Barcode Date last seen Price effective from Koha item type
        Department of Education Library Department of Education Library 2025-05-08   331, MYE EL0031475 2025-05-08 2025-05-08 Textual
Copyright @ Delhi University Library System